Guess That President! Jefferson v Madison - Statistics

General Stats
  • This quiz has been taken 13 times
  • The average score is 11 of 16
Answer Stats
Hint Answer % Correct
Was the shortest president James Madison
86%
Wrote the Declaration of Independence Thomas Jefferson
86%
President when Lewis and Clark went West Thomas Jefferson
86%
Louisiana Purchase Thomas Jefferson
86%
3rd president Thomas Jefferson
86%
Had over 600 slaves Thomas Jefferson
86%
4th president James Madison
71%
Wrote the Federalist Papers James Madison
71%
Died the same day as John Adams Thomas Jefferson
71%
President during the war of 1812 James Madison
57%
He was the first graduate of Princeton James Madison
57%
He married his fifth cousin Thomas Jefferson
57%
Of his slaves he freed two Thomas Jefferson
57%
Wrote the constitution James Madison
43%
3rd president to die on July 4th James Madison
43%
He had no children of his own James Madison
43%
No matching quizzes found
Score Distribution
Percent of People with Each Score
Percentile by Number Answered
Your Score History
You have not taken this quiz